Urology : (Record no. 119900)

MARC details
000 -LEADER
fixed length control field 00912nam a2200301 a 4500
008 - FIXED-LENGTH DATA ELEMENTS--GENERAL INFORMATION
fixed length control field
020 ## - INTERNATIONAL STANDARD BOOK NUMBER
International Standard Book Number 9781118471050 (paperback)
040 ## - CATALOGING SOURCE
Original cataloging agency NUST
Transcribing agency NUST
049 ## - LOCAL HOLDINGS (OCLC)
Holding library MAIN
090 ## - LOCALLY ASSIGNED LC-TYPE CALL NUMBER (OCLC); LOCAL CALL NUMBER (RLIN)
Classification number (OCLC) (R) ; Classification number, CALL (RLIN) (NR) RC900
Local cutter number (OCLC) ; Book number/undivided call number, CALL (RLIN) KAI
003 - CONTROL NUMBER IDENTIFIER
control field
005 - DATE AND TIME OF LATEST TRANSACTION
control field 20230120204243.0
100 1# - MAIN ENTRY--PERSONAL NAME
Personal name Kaisary, Amir V.
245 10 - TITLE STATEMENT
Title Urology :
Remainder of title lecture notes /
Statement of responsibility, etc. Amir V. Kaisary, Andrew Ballaro and Katharine Pigott.
250 ## - EDITION STATEMENT
Edition statement Seventh edition.
260 ## - PUBLICATION, DISTRIBUTION, ETC.
Place of publication, distribution, etc. West Sussex :
Name of publisher, distributor, etc. Wiley ,
Date of publication, distribution, etc. 2016.
300 ## - PHYSICAL DESCRIPTION
Extent vii, 335 pages :
Other physical details illustrated ;
Dimensions 24 cm.
336 ## - CONTENT TYPE
Content type term text
Content type code txt
Source rdacontent
337 ## - MEDIA TYPE
Media type term computer
Media type code n
Source rdamedia
338 ## - CARRIER TYPE
Carrier type term online resource
Carrier type code nc
Source rdacarrier
500 ## - GENERAL NOTE
General note Includes index.
650 #0 - SUBJECT ADDED ENTRY--TOPICAL TERM
Topical term or geographic name entry element Urology.
650 #0 - SUBJECT ADDED ENTRY--TOPICAL TERM
Topical term or geographic name entry element Genitourinary organs
General subdivision Diseases.
700 ## - ADDED ENTRY--PERSONAL NAME
Personal name Andrew Ballaro
700 ## - ADDED ENTRY--PERSONAL NAME
Personal name Katherine Pigott
907 ## - LOCAL DATA ELEMENT G, LDG (RLIN)
a .b10397942
b 01-08-19
c 24-06-19
942 ## - ADDED ENTRY ELEMENTS (KOHA)
Koha item type Ordinary Loan Books
Call number prefix RC900
Call number suffix KAI
Holdings
Date last seen Total Checkouts Full call number Barcode Cost, replacement price Price effective from Koha item type Lost status Source of classification or shelving scheme Damaged status Not for loan Collection Withdrawn status Home library Current library Shelving location Date acquired Cost, normal purchase price
01/20/2023   RC900 KAI 92004046430 80.00 01/20/2023 BOOKS   lcc     NFIC   Medical Medical GEN 01/20/2023 80.00